000 00679nam a2200253Ia 4500
005 20260121155029.0
008 008 260114s9999 xx 000 0 eng d
020 _a9781003050902
037 _aEBOOK
040 _aCRL
040 _beng
040 _cCRL
041 _2eng
041 _aeng
084 _qCRL
100 _a Shujiro Urata; Chin Hee Hahn; Dionisius Narjoko; Ha Thi Thanh Doan
_91014497
245 4 _aThe Effects of Globalisation on Firm and Labour Performance
260 _bTaylor and Francis
260 _c2021
856 _uhttp://www.taylorfrancis.com/books/9781003050902
942 _cEBOOK
999 _c1581316
_d1581316